Las actividades en el medio natural en la educación física escolar (Record no. 177482)

MARC details
000 -CABECERA
campo de control de longitud fija 02596cab a2200265 ab4500
005 - FECHA Y HORA DE LA ÚLTIMA TRANSACCIÓN
campo de control 20260110063925.0
008 - ELEMENTOS DE LONGITUD FIJA--INFORMACIÓN GENERAL
campo de control de longitud fija 991125c2015 sp fr p o 000 0 spa d
035 ## - NÚMERO DE CONTROL DEL SISTEMA
Número de control de sistema UPN01000205381
040 ## - FUENTE DE LA CATALOGACIÓN
Centro catalogador/agencia de origen MX-MxUPN
Lengua de catalogación spa
Centro/agencia transcriptor MX-MxUPN
Normas de descripción aacr2
049 ## - COLECCIÓN
Colección ART-E
100 1# - ASIENTO PRINCIPAL--NOMBRE PERSONAL
Nombre de persona Navarro Patón, Rubén
100 1# - ASIENTO PRINCIPAL--NOMBRE PERSONAL
Nombre de persona Arufe Giraldez, Victor
100 1# - ASIENTO PRINCIPAL--NOMBRE PERSONAL
Nombre de persona Sancosmed Santaballa, Estefanía
245 00 - MENCIÓN DE TÍTULO
Título Las actividades en el medio natural en la educación física escolar
Resto del título : formación y actitud del profesorado de educación primaria
Medio [recurso electrónico en línea]
506 0# - NOTA DE RESTRICCIONES AL ACCESO
Limitaciones de acceso Acceso abierto
520 3# - NOTA DE RESUMEN, ETC.
Sumario, etc. Con la realización de este trabajo pretendemos conocer sí existen diferencias o no, en cuanto actividades en el medio natural que se realizan en el marco del área de Educación Física en los centros educativos rurales y urbanos de Primaria de la provincia de Lugo. Con este propósito, se realizó un estudio descriptivo transversal utilizando como instrumento de recogida de datos un cuestionario ad hoc, consistente en 30 preguntas, haciendo hincapié en factores como los que favorecen su puesta en práctica, aspectos relacionados en cuanto a metodología, al tipo de contenidos y actividades que se realizan y su evaluación. Participaron en el estudio 35 docentes (18 mujeres y 17 hombres). Los resultados muestran un cierto interés de los docentes de Educación Física hacia la realización de este tipo de salidas. No se halló una relación estadística significativa entre los docentes que realizaron cursos de formación o formación inicial sobre este tipo de actividades y su interés en la realización de salidas a la naturaleza, tampoco se halló relación entre el tipo de centro, urbano o rural, y la programación de actividades físicas en el medio natural. Como conclusión y siendo conocedores de las limitaciones de nuestro trabajo es conveniente la realización de futuros estudios sobre este ámbito ahora que en la nueva Ley educativa así aparece reflejado, además de facilitar al docente cursos de formación permanente en este campo con el fin de que adquiera un mayor dominio de estos contenidos, ya según la muestra estudiada la mayoría consideran insuficiente su formación inicial sobre estas actividades.
650 #4 - ASIENTO SECUNDARIO DE MATERIA - TERMINO TEMATICO
Término de materia o nombre geográfico como elemento de entrada Educación física
9 (RLIN) 12884
650 #7 - ASIENTO SECUNDARIO DE MATERIA - TERMINO TEMATICO
9 (RLIN) 142
Término de materia o nombre geográfico como elemento de entrada Actividades deportivas
650 #4 - ASIENTO SECUNDARIO DE MATERIA - TERMINO TEMATICO
Término de materia o nombre geográfico como elemento de entrada Educación básica
9 (RLIN) 7340
653 0# - TERMINO DE INDIZACION - NO CONTROLADO
Término no controlado ACTIVIDADES FISICAS AL AIRE LIBRE
856 4# - LOCALIZACIÓN Y ACCESO ELECTRÓNICOS
Identificador Uniforme del Recurso <a href="https://recyt.fecyt.es/index.php/retos/article/view/34361">https://recyt.fecyt.es/index.php/retos/article/view/34361</a>
902 ## - ELEMENTOS DE DATOS B LOCAL, LDB (RLIN)
Creó Leonor Sotres
Modificó Leonor Sotres/241022/M
905 ## - TIPO DE MATERIAL
Tipo de material Articulo
942 ## - ELEMENTOS DE PUNTO DE ACCESO ADICIONAL (KOHA)
Tipo de ítem Koha Artículo Electrónico
Holdings
Estado de retiro Estado de pérdida Estado dañado No para préstamo Código de colección Localización permanente Ubicación/localización actual Ubicación en estantería Fecha de adquisición Total de préstamos Fecha visto por última vez Identificador Uniforme del Recurso Precio válido a partir de Tipo de ítem Koha
        Acceso abierto Bib. Gregorio Torres Quintero Bib. Gregorio Torres Quintero En línea 24/10/2022   24/10/2022 https://recyt.fecyt.es/index.php/retos/article/view/34361 24/10/2022 Artículo Electrónico